000 01083nam2a2200241 4500
001 RU\NLR\ONL1\18281
005 20250613123347.0
035 _a(NLR Aleph) 009647019
090 _a9566192
_c9566192
100 _a20110803d1964 |||y0rusy50 ca
101 0 _akom
102 _aRU
105 _aa |||||||||
200 1 _aФонетика и морфология для V и VI классов
205 _a7-е изд.
210 _d1964
_aБ. м.
215 _a220 с.
_cил.
461 0 _1001RU\NLR\ONL1\18280
_12001#$aРусский язык$eучеб. для коми восьмилет. и сред. школы$fК. А. Гадельшин$vЧ. 1
_1700#1$aГадельшин$bК. А.$gКамельян Атауллович$4070
_99566190
_aГадельшин, К. А.
_cСыктывкар
_d1964
_fК. А. Гадельшин
_nКоми кн. изд-во
_oучеб. для коми восьмилет. и сред. школы
_tРусский язык
_vЧ. 1
801 0 _aRU
_bNLR
_c20110803
_gPSBO
852 _aNLR
_bОНЛ
_jКоми-з./3-1724
942 _cBOOK
980 _aNB